000 00309nam a2200133Ia 4500
008 210312s9999||||xx |||||||||||||| ||und||
041 _aosm
050 _aPK6543.T8
050 _bZ83
100 _aSadi Şirazi
245 0 _aZübde-i gülistan
260 _c1306
650 _aEdebiyat--İran edebiyatı--Şiir
999 _c22297
_d22297